00833nam a2200241Ia 450000100060000000300090000600800410001504000130005604000130006904100130008210000120009510000290010724500300013624500380016625000110020426000120021526000330022726000490026030000570030950001690036665000250053565000310056012548IT-RoPAU130308s9999 xx 000 0 und d aIT-RoPAU cIT-RoPAU aITALIANO aPoll V. gCodice Aut. SPICS: 2444 aSuggestione di massa (La) bProblemi di Psicologia Collettiva a1a ed. aVICENZA bCentro Studi Nicolo' Rezzara c1975 [1° Ed.:1975 - Ed.Ling.Originale:1960] a"40 p. (prefazione: no ; testo: 40 [pagine: 52-91])" aNatura della Massa Umana Massa ed Elite Emotività della Massa Uomo Massa Efficacia Suggestiva della Massa Suggestionabilità della Massa Teoria della Suggestione aSAGGI SUI MASS MEDIA eCodice materia Spics: 6111